=LDR 00000nam 2200000 4500 =001 INLIS000000000000679 =005 20130612085120 =008 ***********************************Ind** =035 ##$$0010-061300000000679 =041 ##$$a Ind =082 ##$$a 909.82 =090 ##$$a 909.82, Fuc-k =100 ##$$a Fuchs, Lawrence H =245 ##$$a Kaleidoskop Amerika, ras, etnik dan budaya warga, Lawrence H FUchs; penerjemah, R. Soeroso =260 ##$$a 1994 $b Bandung =300 ##$$a ...jild, ilus, 24 cm =650 ##$$a Amerika Serikat =650 ##$$a Sejarah =850 ##$$a NBPNMAT